000 00670nam a22002297a 4500
003 UA-OsUOA
001 42327
007 ta
008 20081222b un ||||| |||| 00| 0 ukr d
100 _aМлиновецький Р.
090 _a94(477).044.1
_bМ72
942 _cBK
040 _aUA-OsUOA
_bukr
_cUA-OsUOA
_dUA-OsUOA
245 _aГетьман Мазепа в світлі фактів в дзеркалі "історій"
_b(на правах рукопису)
300 _a135 с.
955 _a1
041 _aukr
080 _a94(477).044.1
260 _c1957
650 7 _a9 Географія. Біографії. Історія
_2UDC
999 _c440826
_d440826